Statistics for Biggest Cities in Belgium on a Map

Click here to take the quiz!

General Stats

  • This quiz has been taken 695 times
  • The average score is 7 of 10

Answers on the Map

Answers color-coded by a green-red scale on the quiz's map according to % correct below.
 

Answer Stats

PopulationAnswer% Correct
529,247Antwerp
99%
185,103Brussels
99%
263,927Ghent
89%
197,217Liège
84%
118,656Bruges
81%
202,746Charleroi
74%
111,432Namur
57%
102,275Leuven
52%
120,887Anderlecht
44%
132,799Schaerbeek
30%

Score Distribution

Percentile by Number Answered

Percent of People with Each Score

Your Score History

You have not taken this quiz